The Sufi path : journey to God,in God,with God,byGod

Bibliographic Details
Format: Book
Published: Kuala Lumpur : A.S.Noordeen , 1992
Subjects:

MARC

LEADER 00000cam a2200000 7i4500
001 0000004984
002 000005375
005 20000330.0
020 |a 9679963632 
090 0 0 |a 297.4   |b SUF 
245 0 4 |a The Sufi path :   |b journey to God,in God,with God,byGod 
260 |a Kuala Lumpur :   |b A.S.Noordeen ,   |c 1992 
300 |a 67p. ;   |c 24cm. 
650 0 0 |a Sufism 
999 |a 033541   |b BUKU   |c PINJAMAN   |e PERPUSTAKAAN KOMUNITI PETALING JAYA